समकालीन लेखन और आधुनिक संवेदना / (Record no. 49918)
[ view plain ]
| 000 -LEADER | |
|---|---|
| fixed length control field | 01059nam a22002417a 4500 |
| 005 - DATE AND TIME OF LATEST TRANSACTION | |
| control field | 20110118141135.0 |
| 008 - FIXED-LENGTH DATA ELEMENTS--GENERAL INFORMATION | |
| fixed length control field | 110118t xxu||||| |||| 00| 0 hin d |
| 010 ## - LCCN (DPL NO) | |
| LC control number | HIN-91529 |
| 020 ## - INTERNATIONAL STANDARD BOOK NUMBER | |
| International Standard Book Number | 9788190831994 |
| Terms of availability | 300.00 |
| 035 ## - SYSTEM CONTROL NUMBER | |
| System control number | HN-63875 |
| 037 ## - SOURCE OF ACQUISITION | |
| Source of stock number/acquisition | DBAD / PUB |
| 040 ## - CATALOGING SOURCE | |
| Original cataloging agency | DPL |
| Language of cataloging | HN |
| 082 ## - DEWEY DECIMAL CLASSIFICATION NUMBER | |
| Classification number | 820.8 |
| 100 ## - MAIN ENTRY--PERSONAL NAME | |
| 9 (RLIN) | 25364 |
| 245 ## - TITLE STATEMENT | |
| Title | समकालीन लेखन और आधुनिक संवेदना / |
| Statement of responsibility, etc | कल्पना वर्मा द्वारा संपादित |
| 260 ## - PUBLICATION, DISTRIBUTION, ETC. (IMPRINT) | |
| Place of publication, distribution, etc | इलाहाबाद |
| Name of publisher, distributor, etc | लोकभारती |
| Date of publication, distribution, etc | 2010 |
| 270 ## - ADDRESS | |
| Address | 15-ए, महात्मा गाँधी मार्ग |
| City | इलाहाहाबाद |
| Postal code | 1 |
| 300 ## - PHYSICAL DESCRIPTION | |
| Extent | 302पृ |
| Dimensions | 22सेमी (सजिल्द) |
| 650 ## - SUBJECT ADDED ENTRY--TOPICAL TERM | |
| 9 (RLIN) | 697 |
| 700 ## - ADDED ENTRY--PERSONAL NAME | |
| Personal name | वर्मा, कल्पना |
| 9 (RLIN) | 25365 |
| 942 ## - ADDED ENTRY ELEMENTS (KOHA) | |
| Source of classification or shelving scheme | Dewey Decimal Classification |
| Item type | Hindi Books |
| Call number suffix | समका |
| Classification part | 820..8 |
| Withdrawn status | Lost status | Source of classification or shelving scheme | Damaged status | Not for loan | Collection code | Home library | Current library | Date acquired | Source of acquisition | Cost, normal purchase price | Total Checkouts | Full call number | Barcode | Date last seen | Copy number | Cost, replacement price | Koha item type |
|---|---|---|---|---|---|---|---|---|---|---|---|---|---|---|---|---|---|
| Dewey Decimal Classification | Not For Loan | Non-fiction | D.B.Act.Division | D.B.Act.Division | 18/01/2011 | DBAD /PUB | 300.00 | 823.8समका | HN-63875 | 18/01/2011 | 1 | 300.00 | Hindi Books |
